Trace the Coast of the Americas with a Map - Statistics

General Stats
  • This quiz has been taken 56,068 times
    55,661 since last reset
  • The average score is 27 of 33
Answers on the Map
Answers color-coded by a green-red scale on the quiz's map according to % correct below.
 
Answer Stats
Country % Correct
Canada
100%
United States (Alaska)
100%
Canada
88%
Mexico
88%
United States (Point Roberts)
88%
Canada (Tsawwassen peninsula)
87%
United States
87%
Guatemala
84%
Argentina
82%
Brazil
82%
Chile
82%
El Salvador
82%
Panama
82%
Colombia
81%
Ecuador
81%
Honduras
81%
Peru
81%
Uruguay
81%
Costa Rica
80%
Nicaragua
80%
Suriname
78%
Venezuela
78%
Colombia
77%
France (French Guiana)
77%
Guyana
77%
Panama
77%
United States
77%
Costa Rica
76%
Mexico
76%
Nicaragua
76%
Honduras
75%
Belize
74%
Guatemala
74%
No matching quizzes found
Score Distribution
Percent of People with Each Score
Percentile by Number Answered
Your Score History
You have not taken this quiz since the last reset